Geografía turística de España / (Record no. 146784)

MARC details
000 -LEADER
campo de control de longitud fija 00635nam a2200205 i 4500
001 - NÚMERO DE CONTROL
campo de control 146784
003 - IDENTIFICADOR DE NÚMERO DE CONTROL
campo de control ES-MaACL
005 - FECHA Y HORA DE LA ÚLTIMA TRANSACCIÓN
campo de control 20230906201653.0
007 - CAMPO FIJO DE DESCRIPCIÓN FÍSICA--INFORMACIÓN GENERAL
campo de control de longitud fija t|
008 - DATOS DE LONGITUD FIJA--INFORMACIÓN GENERAL
campo de control de longitud fija 070917s1973 sp ||||1| spa d
100 1# - ENTRADA PRINCIPAL--NOMBRE DE PERSONA
Nombre de persona Troncoso de Castro, Antonio.
9 (RLIN) 111503
245 10 - MENCIÓN DEL TÍTULO
Título Geografía turística de España /
Mención de responsabilidad, etc. Antonio Troncoso de Castro, Pilar Reigada de Pablo.
250 ## - MENCION DE EDICION
Mención de edición [2ª ed.].
260 ## - PUBLICACIÓN, DISTRIBUCIÓN, ETC.
Lugar de publicación, distribución, etc. Valladolid :
Nombre del editor, distribuidor, etc. Insade,
Fecha de publicación, distribución, etc. [1973]
300 ## - DESCRIPCIÓN FÍSICA
Extensión 510 p. ;
Dimensiones 24 cm.
500 ## - NOTA GENERAL
Nota general Es el v. 2º.
700 1# - ENTRADA AGREGADA--NOMBRE PERSONAL
Nombre de persona Reigada de Pablo, Mª del Pilar.
9 (RLIN) 96004
852 ## - LOCALIZACIÓN
Ubicación ES-MaACL
Número de control de estantería C-55066
Sublocalización o colección R.87959
852 ## - LOCALIZACIÓN
Ubicación ES-MaACL
Número de control de estantería C-55579
Sublocalización o colección R.88382
Holdings
Estatus retirado Estado de pérdida Estado de daño No para préstamo Biblioteca de origen Biblioteca actual Ubicación en estantería Fecha de adquisición Fuente de adquisición Total de préstamos Signatura topográfica completa Código de barras Visto por última vez Precio de reemplazo Tipo de ítem Koha
        Biblioteca del Ateneo de Madrid Biblioteca del Ateneo de Madrid Depósito 2 17/01/2008     C-55579 1153194 23/02/2023 23/02/2023 Libro impreso
        Biblioteca del Ateneo de Madrid Biblioteca del Ateneo de Madrid Depósito 2 17/01/2008     C-55066 1153193 23/02/2023 23/02/2023 Libro impreso